The rise and fall of the Maratha Empire. (Record no. 73346)

MARC details
000 -LEADER
fixed length control field 00783cam a22002531 4500
001 - CONTROL NUMBER
control field sa 67002639
003 - CONTROL NUMBER IDENTIFIER
control field DLC
005 - DATE AND TIME OF LATEST TRANSACTION
control field 20260227112332.0
008 - FIXED-LENGTH DATA ELEMENTS--GENERAL INFORMATION
fixed length control field 770413s1966 ii 001 0 eng
010 ## - LIBRARY OF CONGRESS CONTROL NUMBER
LC control number sa 67002639
035 ## - SYSTEM CONTROL NUMBER
System control number (OCoLC)2884007
040 ## - CATALOGING SOURCE
Original cataloging agency DLC
Transcribing agency MdBT
Modifying agency DLC
041 0# - LANGUAGE CODE
Language code of text/sound track or separate title engmar
042 ## - AUTHENTICATION CODE
Authentication code premarc
050 00 - LIBRARY OF CONGRESS CALL NUMBER
Classification number DS432.M2
Item number N3 1966
082 ## - DEWEY DECIMAL CLASSIFICATION NUMBER
Classification number 954.025
100 1# - MAIN ENTRY--PERSONAL NAME
Personal name Nadkarnia, Rajaram Vyankatesh.
245 14 - TITLE STATEMENT
Title The rise and fall of the Maratha Empire.
Statement of responsibility, etc. Foreword by D. V. Potdar.
260 ## - PUBLICATION, DISTRIBUTION, ETC.
Place of publication, distribution, etc. Bombay,
Name of publisher, distributor, etc. Popular Prakashan
Date of publication, distribution, etc. [1966]
300 ## - PHYSICAL DESCRIPTION
Extent xviii, 410 p.
Dimensions 23 cm.
500 ## - GENERAL NOTE
General note A revision of the author's thesis (M.A.) Bombay University.
504 ## - BIBLIOGRAPHY, ETC. NOTE
Bibliography, etc. note Bibliography in English or Marathi: p. 394-399.
650 #0 - SUBJECT ADDED ENTRY--TOPICAL TERM
Topical term or geographic name entry element Maratha (Indic people)
General subdivision History.

No items available.

Powered by Koha